书目信息 |
| 题名: |
人的发现
|
|
| 作者: | 李平哗 著 | |
| 分册: | ||
| 出版信息: | 成都 四川人民出版社 1983 |
|
| 页数: | 209页 | |
| 开本: | 18cm | |
| 丛书名: | 走向未来丛书 | |
| 单 册: | ||
| 中图分类: | B978 , B979.951.6 , Z1 | |
| 科图分类: | ||
| 主题词: | 丛书--研究 , 宗教改革运动--研究 | |
| 电子资源: | ||
| ISBN: | ||
| 000 | 00784nam2 2200289 45 | |
| 001 | 1561673953 | |
| 005 | 20151110181625.13 | |
| 010 | @dCNY0.90 | |
| 091 | @aCN@b2118.14 | |
| 100 | @a19950627d1983 emky0chiy0121 ea | |
| 101 | 0 | @achi |
| 102 | @aCN@b510000 | |
| 105 | @ay z 000yy | |
| 200 | 10 | @a人的发现@Aren de fa xian@e马丁·路德与宗教改革@f李平哗著 |
| 210 | @a成都@c四川人民出版社@d1983 | |
| 215 | @a209页@d18cm | |
| 225 | 2 | @a走向未来丛书 |
| 410 | 0 | @120010@a走向未来丛书 |
| 517 | 1 | @a马丁路德与宗教改革@Ama ding lu de yu zong jiao gai ge |
| 606 | @a丛书@x研究 | |
| 606 | @a宗教改革运动@x研究 | |
| 690 | @aB978@v3 | |
| 690 | @aB979.951.6@v3 | |
| 690 | @aZ1@v4 | |
| 701 | 0 | @a李平哗@Ali ping hua@4著 |
| 801 | 0 | @aCN@bTSSF@c20150128 |
| 905 | @aZUCC@dZ1@eJY14 | |
| 人的发现:马丁·路德与宗教改革/李平哗著.-成都:四川人民出版社,1983 |
| 209页;18cm.-(走向未来丛书) |
| ISBN :CNY0.90 |
| ● |
| 相关链接 |
|
|
|
|
正题名:人的发现
索取号:Z1/JY14
 
预约/预借
| 序号 | 登录号 | 条形码 | 馆藏地/架位号 | 状态 | 备注 |
| 1 | 7850885 | 278508857 | 学院路分馆/ [索取号:Z1/JY14] | 在馆 | |
| 2 | 7850886 | 278508866 | 学院路分馆/ [索取号:Z1/JY14] | 在馆 |